Polskie miasta według opisu z Wikipedii #4 - Statystyki

Ogólne statystyki
  • Ten quiz został rozwiązany 141 razy
    95 od ostatniego zresetowania
  • Średni wynik to 6 z 16
Statystyki odpowiedzi
Opis Miasto % Poprawnych
"Największe miasto na Warmii" Olsztyn
75%
"Miasto sąsiaduje z miastami Bytom, Gliwice i Ruda Śląska oraz powiatami gliwickim i tarnogórskim" Zabrze
61%
"Miasto w 2021r. było trzecim największym pod względem liczby ludności (po Białymstoku oraz Suwałkach) miastem w województwie podlaskim" Łomża
59%
"Historyczna stolica Wielkopolski, obok Poznania" Kalisz
56%
"Miasto jest usytuowane na Nizinie Nadwiślańskiej i rozciąga się od Wyżyny Sandomierskiej po Równinę Tarnobrzeską" Sandomierz
54%
"Na terenie miasta znajduje się Kopalnia Węgla Brunatnego Turów oraz Elektrownia Turów" Bogatynia
49%
"Od połowy XIX wieku do lat 90. XX wieku funkcjonowało tu uzdrowisko. W latach 50. XX wieku odkryto tu znaczne zasoby węgla kamiennego" Jastrzębie-Zdrój
46%
"Przed II wojną światową miejscowość nazywana była „Perłą Oberlandu” (...) Miasto znajduje się nad Jeziorakiem – najdłuższym jeziorem w Polsce" Iława
41%
"W mieście znajdują się jedne z największych w Polsce zakładów chemicznych – Grupa Azoty ZAK, a także holding „Blachownia”" Kędzierzyn-Koźle
33%
"Przez miasto przepływa rzeka San (...) Leży w Kotlinie Sandomierskiej, gdzie charakterystyczny pas równin nadrzecznych zwany jest potocznie „Nadsaniem”" Stalowa Wola
30%
"W latach 1853–1858 pracownię miał Ignacy Łukasiewicz, farmaceuta, konstruktor lampy naftowej, ojciec przemysłu naftowego" Gorlice
28%
"(największe miasto w polskiej części Łużyc) – czasami zwane „stolicą Wschodnich Łużyc”" Żary
28%
"Przez miasto biegną także trasy: droga wojewódzka nr 188 relacji Piła – Człuchów, droga wojewódzka nr 189 relacji Jastrowie – Więcbork" Złotów
26%
"Miasto wyróżnia się bogatą historią dawnego styku trzech kultur: polskiej, ruskiej i żydowskiej" Chełm
21%
"Miasto leży (...) nad rzeką Świder (...) Według danych GUS z 1 stycznia 2024 r. miasto liczyło 43 895 mieszkańców (...)" Otwock
16%
"Miejscowość turystyczna z portem morskim, czterema przystaniami morskimi i letnim kąpieliskiem" Krynica Morska
8%
Nie znaleziono quizów pasujących do podanych kryteriów
Rozkład punktacji
Procent ludzi z każdym wynikiem
Percentyl według liczby udzielonych odpowiedzi
Twoja historia wyników
Nie rozwiązałeś tego quizu od ostatniego zresetowania